000 00503nmm a2200169Ia 4500
008 251105s9999||||xx |||||||||||||||||und||
020 _a9788497493130
041 _aspa
100 _aCabrera de Aizpuru, Fernando F.
245 0 _aArquitectura naval europea en el siglo XVIII
264 _a[Madrid, España] :
_bUniversidade da Coruña,
_c2008
300 _a342 páginas
490 _aMonografías
650 _aEngineering
856 _uhttps://public.digitaliapublishing.com/a/9047
942 _cCF
999 _c90562
_d90562